000 02210nam0a2200325 4500
001 RU\NLR\BIBL_A\022348874
005 20260420015643.0
010 _a978-5-7996-3792-7
_950
021 _aRU
_bКН-П-24-048513
_9КН-П-24-4826
035 _a(NLR Aleph) 022348874
090 _a13667008
_c13667008
100 _a20241010d2024 u y0rusy50 ca
101 0 _arus
102 _aRU
105 _aa z 000yy
181 0 _ai3
_baxxe
182 0 _an
200 1 _aИнвестиционный анализ в управлении проектами
_eучебное пособие
_eдля студентов вуза, обучающихся по направлениям подготовки укрупненной группы специальностей 38.00.00 "Экономика и управление"
_fМ. П. Логинов, Д. Г. Сандлер
_gМинистерство науки и высшего образования Российской Федерации, Уральский межрегиональный научно-образовательный центр мирового уровня "Передовые производственные технологии и материалы", Уральский федеральный университет имени Б. Н. Ельцина, [Институт экономики и управления]
203 _aТекст
_bвизуальный
_cнепосредственный
210 _aЕкатеринбург
_cИзд-во Уральского университета
_d2024
215 _a109, [1] с.
_cтабл.
_d21
320 _aБиблиогр.: с. 103–104 (10 назв.) и в подстроч. примеч.
606 1 _aИнвестиционные проекты
_jУчебные издания для высших учебных заведений
_xУправление
_92100037
_3RU\NLR\AUTH\661270187
686 1 _aУ9(2)-56-21(2Р)я73
700 1 _aЛогинов
_bМ. П.
_gМихаил Павлович
701 1 _aСандлер
_bД. Г.
_gДаниил Геннадьевич
942 _cBOOK
980 _aNB